Normal view
MARC view
- Bertrand, Anson R.
Entry Personal Name
001 - CONTROL NUMBER
- control field: 4186
003 - CONTROL NUMBER IDENTIFIER
- control field: OSt
005 - DATE AND TIME OF LATEST TRANSACTION
- control field: 20190528115033.0
008 - FIXED-LENGTH DATA ELEMENTS
- fixed length control field: 190528|| aca||aabn | a|a d
040 ## - CATALOGING SOURCE
- Original cataloging agency: OSt
- Transcribing agency: OSt
100 ## - HEADING--PERSONAL NAME
- Personal name: Bertrand, Anson R.
670 ## - SOURCE DATA FOUND
- Source citation: Work cat.: (OSt): Kohnke,Helmut. 4185, Soil Conservation, 2014
